000 01089cam a2200301 a 4500
999 _c6848
_d6848
001 39053528
003 OCoLC
005 20190121112452.0
008 980502s1998 tnua 000 0 eng d
010 _a98182743
020 _a0849953421
020 _a9780849953422
035 _a(OCoLC)39053528
040 _aMoS
_beng
_cSVP
_dDLC
_dBAKER
_dBTCTA
_dYDXCP
_dMU3
_dHTPCL
_dOCLCF
_dBSC
042 _alccopycat
082 _a242
_bL931L
092 _a242
_bL931L, 1998
100 1 _aLucado, Max.
245 1 0 _aLet the journey begin :
_bGod's roadmap for new beginnings /
_cMax Lucado ; [compiled and edited by Terri Gibbs ; illustrations, John S. Dykes].
260 _aNashville :
_bWord Pub.,
_cc1998.
300 _a120 p. :
_bcol. ill. ;
_c20 cm.
500 _aScripture quotations are from the New Century Version.
505 0 _aScripture quotations are from the New Century Version.
520 _aPresents a collection of inspirational writings for graduates by Christian author Max Lucado.
650 0 _aChristian life
_xMeditations.
700 1 _aGibbs, Terri A.
942 _2ddc
_cBK